Stupne internacionalizácie podniku ako súčasť medzinárodného pôsobenia firmy v Európskej únii bakalárska práca

Saved in:
Bibliographic Details
Main Author: Koštialiková, Dominika
Corporate Author: Obchodná fakulta EU. Katedra medzinárodného obchodu
Other Authors: Pappová, Alexandra
Format: Book
Language:Slovak
Published: Bratislava 2010
Tags: Add Tag
No Tags, Be the first to tag this record!

MARC

LEADER 00000nam$a2200000$$$4500
001 0134257
005 20240320074525.1
041 0 |a slo 
044 |a SK 
245 1 0 |a Stupne internacionalizácie podniku ako súčasť medzinárodného pôsobenia firmy v Európskej únii  |b bakalárska práca  |c Dominika Koštialiková ; školiteľ: Alexandra Pappová 
264 1 |a Bratislava  |c 2010 
300 |a 46 s. 
100 1 |a Koštialiková, Dominika 
700 1 |a Pappová, Alexandra 
710 2 |a Obchodná fakulta EU. Katedra medzinárodného obchodu